Thomas A. Edison / Juan Ignacio Herrera (Registro nro. 47620)
[ vista simple ]
| 000 -LÍDER | |
|---|---|
| Campo fijo de descripción fija | 003120000a22001330004500 |
| 020 ## - NÚMERO INTERNACIONAL NORMALIZADO PARA LIBROS | |
| Número Internacional Normalizado del libro | 84-305-1100-8 |
| 001 - NÚMERO DE CONTROL | |
| Campo de control | 375 |
| 100 1# - ASIENTO PRINCIPAL--NOMBRE PERSONAL | |
| Nombre personal | Herrera, Juan Ignacio |
| 245 10 - TÍTULO | |
| Título del Material | Thomas A. Edison / Juan Ignacio Herrera |
| 260 ## - PUBLICACIÓN, DISTRIBUCIÓN, ETC. (PIE DE IMPRENTA) | |
| Lugar de publicación, distribución, etc. | Madrid: Susaeta |
| 300 ## - DESCRIPCIÓN FÍSICA | |
| Extensión | 90 P. |
| 505 00 - NOTA DE CONTENIDO | |
| Nota de contenido con formato preestablecido | Biografia |
No hay ítems disponibles.
